[Event "DVM U14 2013"]
[Site "Magdeburg GER"]
[Date "2013.12.27"]
[Round "2"]
[White "Jurga, Jonas Vincent"]
[Black "Kahl, Marvin"]
[Result "1-0"]
[Termination "normal"]
[Board "6.3"]
[WhiteElo "1641"]
[BlackElo "1387"]
[WhiteTeam "OSG Baden-Baden"]
[BlackTeam "BSG Grün-Weiß Leipzig"]
[WhiteFideId "12968013"]
[BlackFideId "12983624"]
[EventCountry "GER"]
[EventRounds "7"]
[EventType "team-swiss"]
[EventDate "2013.12.26"]

1. e4 c6 2. d4 d5 3. Nd2 dxe4 4. Nxe4 Bf5 5. Ng3 Bg6 6. h4 h6 7. h5 Bh7 8. Nf3
Nf6 9. Bd3 Bxd3 10. Qxd3 e6 11. Bf4 Nbd7 12. O-O-O Qa5 13. Kb1 Nd5 14. Bd2 Qb6
15. Qb3 Qxb3 16. axb3 Bb4 17. c3 Bd6 18. Ne4 Be7 19. c4 Nc7 20. Bf4 Na6 21.
Nd6+ Bxd6 22. Bxd6 Nb6 23. Rhe1 Rd8 24. Be5 O-O 25. g4 Rfe8 26. Bf4 Nd7 27. g5
hxg5 28. Bxg5 Rc8 29. Rg1 Kf8 30. Bf4 f6 31. h6 gxh6 32. Bxh6+ Ke7 33. Rg7+ Kd8
34. Nd2 b5 35. Ne4 Re7 36. Rg8+ Kc7 37. Rxc8+ Kxc8 38. cxb5 cxb5 39. Nd6+ Kc7
40. Nxb5+ Kb6 41. Nc3 Rh7 42. Be3 Ka5 43. d5 e5 44. Bxa7 Kb4 45. Kc2 Nac5 46.
Bxc5+ Nxc5 47. Na2+ Kb5 48. Nc3+ Kb4 49. d6 Nd7 50. Nd5+ Kc5 51. b4+ Kc6 52. f4
Rh2+ 53. Kc3 Rh3+ 54. Kc4 exf4 55. b5+ Kb7 56. Nxf4 Rh4 57. Rd4 Rh2 58. Nd3
Rc2+ 59. Kb4 Kb6 60. Rc4 Rxc4+ 61. Kxc4 f5 62. b4 Kb7 63. Nc5+ Nxc5 64. bxc5
Kc8 65. c6 f4 66. Kd4 f3 67. Ke3 f2 68. Kxf2 Kb8 69. d7 Kc7 70. b6+ Kd8 71. b7
Kc7 72. b8=Q+ Kxc6 73. d8=Q Kc5 74. Qbc7+ Kb5 75. Qdb8+ Ka6 76. Qca7# 1-0

[Event "DVM U14 2013"]
[Site "Magdeburg GER"]
[Date "2013.12.27"]
[Round "2"]
[White "Jahn, Felix"]
[Black "Schuster, Benjamin"]
[Result "1/2-1/2"]
[Termination "normal"]
[Board "6.4"]
[WhiteElo "1384"]
[BlackElo "1542"]
[WhiteTeam "BSG Grün-Weiß Leipzig"]
[BlackTeam "OSG Baden-Baden"]
[WhiteFideId "12983632"]
[BlackFideId "12968056"]
[EventCountry "GER"]
[EventRounds "7"]
[EventType "team-swiss"]
[EventDate "2013.12.26"]

1. e4 e5 2. Nf3 Nc6 3. d4 exd4 4. Nxd4 Bc5 5. Be3 Bb6 6. Bc4 Qf6 7. c3 Nge7 8.
O-O O-O 9. Nxc6 bxc6 10. Bxb6 cxb6 11. Qd4 Qg5 12. f4 Qc5 13. Qxc5 bxc5 14. Nd2
d5 15. Bd3 c4 16. Bc2 f5 17. exd5 cxd5 18. Nf3 Nc6 19. Rfe1 Bb7 20. Ne5 Rad8
21. Nxc6 Bxc6 22. Rad1 g6 23. Re6 Bb7 24. Re7 Rf7 25. Rxf7 Kxf7 26. Kf2 Re8 27.
Rd2 Re6 28. Re2 Rxe2+ 29. Kxe2 Ke7 30. Ke3 Bc6 31. Kd4 Kd6 32. h3 h5 33. b4 a6
34. Ke3 Ke6 35. a4 Kd6 36. Kd4 Bd7 37. Ke3 1/2-1/2

[Event "DVM U14 2013"]
[Site "Magdeburg GER"]
[Date "2013.12.27"]
[Round "2"]
[White "Kuhn, Magnus"]
[Black "Ramien, David"]
[Result "0-1"]
[Termination "normal"]
[Board "7.1"]
[WhiteElo "1653"]
[BlackElo "1808"]
[WhiteTeam "SV Stuttgart-Wolfbusch"]
[BlackTeam "SG Porz"]
[WhiteFideId "12926345"]
[BlackFideId "12948241"]
[EventCountry "GER"]
[EventRounds "7"]
[EventType "team-swiss"]
[EventDate "2013.12.26"]

1. e4 e5 2. Nf3 Nc6 3. Bb5 g6 4. O-O Bg7 5. c3 a6 6. Ba4 d6 7. d4 Bd7 8. Be3
Nf6 9. Nbd2 O-O 10. Qc2 Qe8 11. Bb3 Na5 12. dxe5 Nxb3 13. axb3 dxe5 14. Bc5 Qe6
15. Bxf8 Rxf8 16. Ra5 Nh5 17. Rd1 Nf4 18. Nc4 Bb5 19. Ne3 Be2 20. Re1 Nh3+ 21.
Kh1 Nxf2+ 22. Kg1 Nh3+ 23. gxh3 Bxf3 24. Ng2 Qb6+ 25. Qf2 Bxg2 26. Qxb6 cxb6
27. Rd5 Bxh3 28. Rd6 b5 29. Re3 Be6 30. Rb6 Rb8 31. b4 Bf6 32. Re1 Bd8 33. Rd6
Bc7 34. Rd2 Rd8 35. Red1 Rxd2 36. Rxd2 f5 37. Re2 Kf7 38. Kf2 Kf6 39. Kg3 f4+
40. Kf3 g5 41. Rd2 g4+ 42. Kg2 Kg5 43. Rd1 f3+ 44. Kg3 h5 45. h3 h4+ 46. Kh2
g3+ 47. Kg1 Bxh3 0-1

[Event "DVM U14 2013"]
[Site "Magdeburg GER"]
[Date "2013.12.27"]
[Round "2"]
[White "Yang, Daniel"]
[Black "Dallinger, Moritz"]
[Result "1-0"]
[Termination "normal"]
[Board "7.2"]
[WhiteElo "1566"]
[BlackElo "1528"]
[WhiteTeam "SG Porz"]
[BlackTeam "SV Stuttgart-Wolfbusch"]
[WhiteFideId "12946273"]
[BlackFideId "12910864"]
[EventCountry "GER"]
[EventRounds "7"]
[EventType "team-swiss"]
[EventDate "2013.12.26"]

1. d4 Nf6 2. c4 b6 3. Nf3 Bb7 4. Nbd2 e6 5. g3 Bb4 6. Bg2 O-O 7. O-O Bxd2 8.
Bxd2 Ne4 9. Rc1 f5 10. Bf4 Qc8 11. d5 d6 12. b4 a5 13. a3 e5 14. Be3 axb4 15.
axb4 Na6 16. Qb3 Kh8 17. Nd2 Nxd2 18. Bxd2 e4 19. g4 c5 20. gxf5 Qxf5 21. bxc5
Nxc5 22. Qxb6 Ra6 23. Qb2 Qg4 24. Bb4 Rb6 25. Qa3 Ra8 26. Qc3 Na4 27. Qd2 Ba6
28. h3 Qc8 29. Rc2 Rab8 30. Bc3 Nxc3 31. Qxc3 Rb3 32. Qd4 Qc5 33. Qxe4 Rc8 34.
Ra1 Bxc4 35. Rxc4 Ra3 36. Rxc5 Rxa1+ 37. Kh2 dxc5 38. Qc4 Rb1 39. d6 Rb4 40.
Qe6 Rd8 41. d7 Rd4 42. Qe8+ 1-0

[Event "DVM U14 2013"]
[Site "Magdeburg GER"]
[Date "2013.12.27"]
[Round "2"]
[White "Weber, Simon"]
[Black "Kagan, Dennis"]
[Result "0-1"]
[Termination "normal"]
[Board "7.3"]
[WhiteElo "1386"]
[BlackElo "1571"]
[WhiteTeam "SV Stuttgart-Wolfbusch"]
[BlackTeam "SG Porz"]
[WhiteFideId "12983640"]
[BlackFideId "12983578"]
[EventCountry "GER"]
[EventRounds "7"]
[EventType "team-swiss"]
[EventDate "2013.12.26"]

1. e4 c5 2. Nf3 d6 3. Bb5+ Bd7 4. Bxd7+ Qxd7 5. d4 cxd4 6. Nxd4 Nf6 7. Nc3 g6
8. Be3 Bg7 9. O-O O-O 10. f4 Nc6 11. f5 Ne5 12. h3 Nc4 13. Bc1 Qc7 14. Kh1 Qb6
15. b3 Ne5 16. Be3 Qc7 17. Qd2 a6 18. Bh6 Rac8 19. Bxg7 Kxg7 20. Nde2 Qc6 21.
Qd4 Qc5 22. Qd2 b5 23. a3 a5 24. b4 axb4 25. axb4 Qxb4 26. Qe3 Qc5 27. Qxc5
Rxc5 28. Ra7 Re8 29. Rb7 Rc4 30. Rxb5 Nxe4 31. Nxe4 Rxe4 32. Ng3 Rc4 33. Rf2
Rec8 34. Rb2 Nc6 35. fxg6 hxg6 36. Nf1 Rc3 37. Rd2 Ne5 38. Re2 Kf8 39. Ne3 Nc4
40. Nxc4 R8xc4 41. Kg1 Rc7 {nicht nachvollziehbar.} 0-1

[Event "DVM U14 2013"]
[Site "Magdeburg GER"]
[Date "2013.12.27"]
[Round "2"]
[White "Sewald, Richard"]
[Black "Kobald, Pierre"]
[Result "1-0"]
[Termination "normal"]
[Board "7.4"]
[WhiteElo "1382"]
[BlackElo "1095"]
[WhiteTeam "SG Porz"]
[BlackTeam "SV Stuttgart-Wolfbusch"]
[WhiteFideId "12983586"]
[BlackFideId "12983659"]
[EventCountry "GER"]
[EventRounds "7"]
[EventType "team-swiss"]
[EventDate "2013.12.26"]

1. Nf3 c5 2. g3 g6 3. Bg2 Bg7 4. d3 Nf6 5. Nbd2 O-O 6. O-O e6 7. h3 a6 8. e4 d5
9. Re1 b5 10. e5 Nfd7 11. c3 d4 12. cxd4 cxd4 13. Nxd4 Ra7 14. N4f3 Nc6 15. d4
f6 16. exf6 Nxf6 17. Ne4 Raf7 18. Neg5 Re7 19. Be3 h6 20. Rc1 Bb7 21. Nh4 hxg5
22. Nxg6 Rc7 23. Nxf8 Kxf8 24. Bxg5 Qd7 25. h4 Ne7 26. Rxc7 Qxc7 27. Bxb7 Qxb7
28. Rxe6 Kf7 29. Qe2 Qd7 30. Bxf6 Bxf6 31. Rxa6 Bxd4 32. b3 Qf5 33. Kg2 Qc8 34.
Rd6 Nf5 35. Rd5 Qc6 36. Qe4 1-0

[Event "DVM U14 2013"]
[Site "Magdeburg GER"]
[Date "2013.12.27"]
[Round "2"]
[White "Günaydin, Alperen"]
[Black "Philipp, Mathias"]
[Result "0-1"]
[Termination "normal"]
[Board "8.1"]
[WhiteElo "1735"]
[BlackElo "1744"]
[WhiteTeam "OSC Rheinhausen"]
[BlackTeam "SSV Vimaria Weimar"]
[WhiteFideId "12949230"]
[BlackFideId "12958883"]
[EventCountry "GER"]
[EventRounds "7"]
[EventType "team-swiss"]
[EventDate "2013.12.26"]

1. d4 f5 2. g3 Nf6 3. Bg2 g6 4. Nh3 Bg7 5. O-O O-O 6. c4 d6 7. Nc3 e5 8. d5 h6
9. f3 g5 10. e4 fxe4 11. fxe4 Bg4 12. Qc2 Nbd7 13. Nf2 Bh5 14. Bd2 a6 15. b4
Qe7 16. Ncd1 Ng4 17. Nd3 Rxf1+ 18. Bxf1 Rf8 19. Ne3 Nxe3 20. Bxe3 Nf6 21. Bg2
Bg6 22. Nf2 Qd7 23. Qb3 b6 24. c5 b5 25. a4 bxa4 26. Rxa4 Ra8 27. Qc4 Qxa4 28.
cxd6 cxd6 29. Bh3 Qb5 30. Be6+ Bf7 31. Bxf7+ Kxf7 32. Qc7+ Qd7 33. Qb6 Ne8 34.
Nd3 Qc7 35. Qc6 Qxc6 36. dxc6 Rc8 37. b5 axb5 38. Nb4 Ke6 39. Kf2 Nf6 40. Bb6
Nxe4+ 41. Ke3 Nf6 0-1

[Event "DVM U14 2013"]
[Site "Magdeburg GER"]
[Date "2013.12.27"]
[Round "2"]
[White "Latka, Richard"]
[Black "Roth, Jan Paul"]
[Result "1-0"]
[Termination "normal"]
[Board "8.2"]
[WhiteElo "1485"]
[BlackElo "1466"]
[WhiteTeam "SSV Vimaria Weimar"]
[BlackTeam "OSC Rheinhausen"]
[WhiteFideId "24690082"]
[BlackFideId "12952419"]
[EventCountry "GER"]
[EventRounds "7"]
[EventType "team-swiss"]
[EventDate "2013.12.26"]

1. e4 e6 2. d4 d5 3. exd5 exd5 4. Qf3 Bd6 5. Bd3 Nc6 6. c3 Nf6 7. h3 Qe7+ 8.
Ne2 Bd7 9. O-O O-O-O 10. b4 h6 11. Bf4 g5 12. Bxd6 Qxd6 13. Qg3 Qe7 14. a4 Rdg8
15. a5 a6 16. b5 Nb8 17. bxa6 g4 18. axb7+ Kxb7 19. a6+ Kb6 20. Nd2 Bc6 21. a7
Bb7 22. Rfb1+ 1-0

[Event "DVM U14 2013"]
[Site "Magdeburg GER"]
[Date "2013.12.27"]
[Round "2"]
[White "Kreutzmann, Duke"]
[Black "Grabolle, Anton"]
[Result "1-0"]
[Termination "normal"]
[Board "8.3"]
[WhiteElo "1440"]
[BlackElo "1105"]
[WhiteTeam "OSC Rheinhausen"]
[BlackTeam "SSV Vimaria Weimar"]
[WhiteFideId "1330055"]
[BlackFideId "12983675"]
[EventCountry "GER"]
[EventRounds "7"]
[EventType "team-swiss"]
[EventDate "2013.12.26"]

1. c4 c5 2. Nf3 Nc6 3. e3 e5 4. Nc3 d6 5. d4 exd4 6. exd4 cxd4 7. Nxd4 Qb6 8.
Nxc6 bxc6 9. g3 Ne7 10. Bg2 g6 11. O-O Bg7 12. Qxd6 Ba6 13. Re1 Qd8 14. Qxc6+
Kf8 15. Qxa8 Qxa8 16. Bxa8 Bxc4 17. Be3 a6 18. Bc5 Bf6 19. Rad1 Kg7 20. Bxe7
Bxe7 21. Rxe7 Rxa8 22. Rdd7 Rc8 23. Rc7 Rxc7 24. Rxc7 Be6 25. Ra7 1-0

[Event "DVM U14 2013"]
[Site "Magdeburg GER"]
[Date "2013.12.27"]
[Round "2"]
[White "Katzschmann, Christian"]
[Black "Hörle, Joshua Stanley"]
[Result "1-0"]
[Termination "normal"]
[Board "8.4"]
[WhiteElo "1221"]
[BlackElo "1361"]
[WhiteTeam "SSV Vimaria Weimar"]
[BlackTeam "OSC Rheinhausen"]
[WhiteFideId "12983667"]
[BlackFideId "12983594"]
[EventCountry "GER"]
[EventRounds "7"]
[EventType "team-swiss"]
[EventDate "2013.12.26"]

1. e4 b6 2. d4 Bb7 3. Nc3 e6 4. Nf3 Bb4 5. Bd3 Nf6 6. Qe2 c5 7. a3 Bxc3+ 8.
bxc3 Nc6 9. Bf4 O-O 10. O-O d5 11. e5 Nd7 12. Rab1 c4 13. Bxh7+ Kh8 14. Ng5 f6
15. Nxe6 Qe7 16. Nxf8 Nxf8 17. Bf5 Qf7 18. e6 Qe8 19. Rbe1 Ne7 20. Bg4 Rd8 21.
Qf3 Qa4 22. Qh3+ Kg8 23. Bf5 Qxa3 24. Ra1 Qb2 25. Rfb1 1-0

[Event "DVM U14 2013"]
[Site "Magdeburg GER"]
[Date "2013.12.27"]
[Round "2"]
[White "Sirbu, Nikita"]
[Black "Engel, Johann"]
[Result "0-1"]
[Termination "normal"]
[Board "9.1"]
[WhiteElo "1282"]
[BlackElo "1769"]
[WhiteTeam "Karlsruher SF 1853"]
[BlackTeam "Brühler SK 1920"]
[WhiteFideId "12946370"]
[BlackFideId "12920509"]
[EventCountry "GER"]
[EventRounds "7"]
[EventType "team-swiss"]
[EventDate "2013.12.26"]

1. d4 Nf6 2. c4 g6 3. Nc3 Bg7 4. Nf3 O-O 5. g3 d6 6. Bg2 Nc6 7. O-O Rb8 8. e4
e5 9. dxe5 Nxe5 10. Nxe5 dxe5 11. Bg5 c6 12. Qxd8 Rxd8 13. Rad1 Be6 14. b3 h6
15. Be3 b6 16. f3 Bf8 17. Ne2 Kg7 18. h4 Be7 19. Kh2 Bg4 20. Kg1 Be6 21. Kh1
Rd7 22. Rxd7 Nxd7 23. Rd1 Bc5 24. Bxc5 Nxc5 25. Rd6 Rc8 26. Kh2 Kf6 27. f4 Nd7
28. Bf3 Ke7 29. Rd2 h5 30. Kg2 Rd8 31. Nc3 Nc5 32. Rxd8 Kxd8 33. Kf2 Ke7 34.
Ke3 Kd6 35. Bg2 a6 36. Bf3 b5 37. cxb5 cxb5 38. Be2 b4 39. Nd1 Bd7 40. Nb2 f6
41. Nc4+ Ke6 42. fxe5 fxe5 43. Bf3 Bb5 44. Be2 Bc6 45. Bf3 Kf6 46. Bg2 Ne6 47.
Bf3 Nd4 48. Bd1 Nb5 49. Bc2 Bd7 50. Kd3 Be6 51. Nb6 Nc3 52. Nd5+ Nxd5 53. exd5
Bf5+ 54. Kd2 Bxc2 55. Kxc2 e4 56. Kd2 Ke5 57. d6 Kxd6 58. Ke3 Ke5 59. Ke2 Kd4
60. Kd2 e3+ 61. Ke2 Ke4 62. Ke1 Kf3 63. Kf1 e2+ 64. Ke1 Ke3 65. g4 hxg4 66. h5
g3 67. hxg6 g2 68. g7 g1=Q# 0-1

[Event "DVM U14 2013"]
[Site "Magdeburg GER"]
[Date "2013.12.27"]
[Round "2"]
[White "Niesel, Tobias"]
[Black "Kokshenyev, Michael"]
[Result "1-0"]
[Termination "normal"]
[Board "9.2"]
[WhiteElo "1688"]
[BlackElo "1091"]
[WhiteTeam "Brühler SK 1920"]
[BlackTeam "Karlsruher SF 1853"]
[WhiteFideId "12962155"]
[BlackFideId "12983721"]
[EventCountry "GER"]
[EventRounds "7"]
[EventType "team-swiss"]
[EventDate "2013.12.26"]

1. c4 e5 2. g3 Nc6 3. Bg2 Nf6 4. Nc3 Bc5 5. e3 O-O 6. Nge2 d6 7. O-O Be6 8. d4
exd4 9. exd4 Bb4 10. d5 Bd7 11. dxc6 Bxc6 12. a3 Bc5 13. b4 Bb6 14. Nd5 Nxd5
15. cxd5 Bb5 16. Re1 Re8 17. Bb2 a5 18. Qd2 Qd7 19. Qc3 f6 20. Nf4 axb4 21.
axb4 Rad8 22. Bh3 Qf7 23. Be6 Rxe6 24. dxe6 Qe7 25. Nd5 Qe8 26. Nxf6+ gxf6 27.
Qxf6 1-0

[Event "DVM U14 2013"]
[Site "Magdeburg GER"]
[Date "2013.12.27"]
[Round "2"]
[White "Klingenberg, Florian"]
[Black "Thierkopf, Constantin"]
[Result "0-1"]
[Termination "normal"]
[Board "9.3"]
[WhiteElo "961"]
[BlackElo "1392"]
[WhiteTeam "Karlsruher SF 1853"]
[BlackTeam "Brühler SK 1920"]
[WhiteFideId "12983730"]
[BlackFideId "12983608"]
[EventCountry "GER"]
[EventRounds "7"]
[EventType "team-swiss"]
[EventDate "2013.12.26"]

1. c4 e5 2. Nc3 Nf6 3. g3 Nc6 4. Bg2 Bc5 5. Nf3 d6 6. b3 O-O 7. O-O Bf5 8. e3
Bg4 9. Bb2 e4 10. d4 exf3 11. Bxf3 Bh3 12. Bg2 Bxg2 13. Kxg2 Bb4 14. Qf3 Qe7
15. Nd5 Nxd5 16. Qxd5 a6 17. Rad1 Qe6 18. Qf3 Rad8 19. d5 Ne5 20. Bxe5 Qxe5 21.
Kg1 Rfe8 22. a3 Ba5 23. b4 Bb6 24. Rc1 Qe4 25. Qe2 Ba7 26. Qd2 Re5 27. Rb1 Rde8
28. Rfc1 Bxe3 29. Qxe3 Qxb1 30. Rxb1 Rxe3 31. fxe3 Rxe3 32. Ra1 Rc3 33. Re1 Kf8
34. Re4 Rxa3 35. c5 Rd3 36. c6 bxc6 37. dxc6 Rc3 38. Kf1 Rxc6 39. Ke1 Rc2 40.
Re2 Rxe2+ 41. Kxe2 c5 42. bxc5 dxc5 43. Kd3 Ke7 44. Kc4 Kd6 45. h3 f5 0-1

[Event "DVM U14 2013"]
[Site "Magdeburg GER"]
[Date "2013.12.27"]
[Round "2"]
[White "Yeritsyan, Artur"]
[Black "Wegmer, Leon"]
[Result "1-0"]
[Termination "normal"]
[Board "9.4"]
[WhiteElo "1406"]
[BlackElo "918"]
[WhiteTeam "Brühler SK 1920"]
[BlackTeam "Karlsruher SF 1853"]
[WhiteFideId "12983616"]
[BlackFideId "12983748"]
[EventCountry "GER"]
[EventRounds "7"]
[EventType "team-swiss"]
[EventDate "2013.12.26"]

1. e4 e5 2. Nf3 Nc6 3. Bc4 Bc5 4. O-O Nf6 5. Nc3 O-O 6. d3 h6 7. Be3 d6 8. h3
Nd4 9. Bxd4 Bxd4 10. Nxd4 exd4 11. Ne2 c5 12. c3 dxc3 13. bxc3 b6 14. Ng3 Bb7
15. Re1 Qc7 16. Qc2 Rae8 17. a4 d5 18. exd5 Rxe1+ 19. Rxe1 Nxd5 20. Nf5 Qc6 21.
Bxd5 Qd7 22. Bxb7 Qxf5 23. Be4 Qd7 24. Rd1 Rd8 25. Qa2 a6 26. Qc4 b5 27. axb5
axb5 28. Qxc5 Rc8 29. Qb4 Re8 30. Rb1 Rb8 31. c4 1-0

[Event "DVM U14 2013"]
[Site "Magdeburg GER"]
[Date "2013.12.27"]
[Round "2"]
[White "Renger, Niklas"]
[Black "Herbert, Fabian"]
[Result "1-0"]
[Termination "normal"]
[Board "10.1"]
[WhiteElo "1727"]
[BlackElo "1327"]
[WhiteTeam "SG Grün-Weiß Dresden"]
[BlackTeam "Sfr. Schöneck"]
[WhiteFideId "12908096"]
[BlackFideId "12940402"]
[EventCountry "GER"]
[EventRounds "7"]
[EventType "team-swiss"]
[EventDate "2013.12.26"]

1. e4 e5 2. Nf3 Nc6 3. d4 exd4 4. Bc4 Nf6 5. O-O Bc5 6. e5 Ng4 7. Bf4 d6 8. Re1
dxe5 9. Bxe5 O-O 10. Bg3 Re8 11. h3 Rxe1+ 12. Qxe1 Nf6 13. Ng5 Nd5 14. h4 Bf5
15. Qe2 Bg6 16. Bd3 Qf6 17. Ne4 Bxe4 18. Qxe4 Nb6 19. Qxh7+ Kf8 20. Nd2 Qh6 21.
Qxh6 gxh6 22. Bxc7 Rc8 23. Bf4 Kg7 24. Ne4 Be7 25. a3 Bxh4 26. Nd6 Bxf2+ 27.
Kxf2 Rd8 28. Nf5+ Kg8 29. Nxh6+ Kg7 30. Nf5+ Kf6 31. Rh1 Ke6 32. Rh6+ f6 33. g4
Ne5 34. Bxe5 Kxe5 35. Kf3 Rg8 36. Rh7 Rd8 37. Re7+ Kd5 38. Rc7 a6 39. Be4+ Ke6
40. Re7# 1-0

[Event "DVM U14 2013"]
[Site "Magdeburg GER"]
[Date "2013.12.27"]
[Round "2"]
[White "Timpel, Kaan"]
[Black "Sack, Carl-Anton"]
[Result "0-1"]
[Termination "normal"]
[Board "10.2"]
[WhiteElo "1044"]
[BlackElo "1553"]
[WhiteTeam "Sfr. Schöneck"]
[BlackTeam "SG Grün-Weiß Dresden"]
[WhiteFideId "12983683"]
[BlackFideId "1270309"]
[EventCountry "GER"]
[EventRounds "7"]
[EventType "team-swiss"]
[EventDate "2013.12.26"]

1. e4 c5 2. Nf3 d6 3. d4 cxd4 4. Nxd4 Nf6 5. Bb5+ Bd7 6. Nc3 Bxb5 7. Ndxb5 Nc6
8. Nd5 Nxd5 9. exd5 Ne5 10. f4 Nd7 11. Be3 Qa5+ 12. Nc3 g6 13. Qd4 Nf6 14.
O-O-O Bg7 15. h3 O-O 16. g4 Nxg4 17. Qe4 Nxe3 18. Qxe3 Bxc3 19. Qxc3 Qxc3 20.
bxc3 Rac8 21. Kd2 Rc4 22. Rhf1 Rfc8 23. Rf3 R8c5 24. Kc1 Rxc3 25. Rxc3 Rxc3 26.
Rd3 Rxd3 27. cxd3 Kg7 28. Kc2 Kf6 29. Kd2 Kf5 30. Ke3 e5 31. fxe5 Kxe5 32. a3
Kxd5 33. d4 f5 34. Kd3 f4 35. h4 h6 36. a4 g5 37. hxg5 hxg5 38. a5 g4 39. Ke2
Kxd4 40. Kf2 Ke4 41. Ke2 f3+ 42. Kf2 Kf4 43. Kf1 d5 44. a6 bxa6 45. Kg1 g3 46.
Kf1 d4 47. Ke1 Ke3 48. Kd1 d3 49. Kc1 f2 50. Kb2 f1=Q 51. Kc3 d2 52. Kb4 d1=R
53. Kc5 Qf5+ 54. Kc6 Qe5 55. Kb7 Rd7+ 56. Kxa6 Rd8 57. Kb7 Qe7+ 58. Ka6 Qf7 59.
Kb5 0-1

[Event "DVM U14 2013"]
[Site "Magdeburg GER"]
[Date "2013.12.27"]
[Round "2"]
[White "Schuler, Max"]
[Black "Bröll, Justin"]
[Result "1-0"]
[Termination "normal"]
[Board "10.3"]
[WhiteElo "1426"]
[BlackElo "1032"]
[WhiteTeam "SG Grün-Weiß Dresden"]
[BlackTeam "Sfr. Schöneck"]
[WhiteFideId "12964913"]
[BlackFideId "12983691"]
[EventCountry "GER"]
[EventRounds "7"]
[EventType "team-swiss"]
[EventDate "2013.12.26"]

1. e4 e5 2. Nf3 Nc6 3. d4 exd4 4. Nxd4 Bc5 5. Be3 d6 6. Nc3 Nf6 7. Bc4 O-O 8.
O-O Qe7 9. Nxc6 bxc6 10. Bxc5 dxc5 11. Re1 Rd8 12. Qf3 Be6 13. Bb3 Bxb3 14.
axb3 Qe5 15. h3 Rd4 16. Rad1 Rad8 17. Rxd4 Rxd4 18. Rd1 h6 19. Re1 c4 20. Qe3
cxb3 21. cxb3 a5 22. f4 Qc5 23. Kh2 g6 24. Rd1 Qh5 25. Qxd4 Ng4+ 26. Kg1 Nf6
27. Qxf6 Qc5+ 28. Qd4 Qe7 29. Qd8+ Qxd8 30. Rxd8+ Kg7 31. Rc8 Kf6 32. Rxc7 g5
33. Rxc6+ Kg7 34. fxg5 hxg5 35. Rc5 Kg6 36. Rxa5 f6 37. b4 g4 38. hxg4 Kf7 39.
b5 Ke7 40. b6 Kd7 41. b7 Kc7 42. Rb5 Kb8 43. Nd5 f5 44. exf5 Ka7 45. b8=Q+ Ka6
46. Nc7# 1-0

[Event "DVM U14 2013"]
[Site "Magdeburg GER"]
[Date "2013.12.27"]
[Round "2"]
[White "Bertelsmann, Theo"]
[Black "Michel, Richard"]
[Result "0-1"]
[Termination "normal"]
[Board "10.4"]
[WhiteElo "909"]
[BlackElo "1608"]
[WhiteTeam "Sfr. Schöneck"]
[BlackTeam "SG Grün-Weiß Dresden"]
[WhiteFideId "12983705"]
[BlackFideId "1270310"]
[EventCountry "GER"]
[EventRounds "7"]
[EventType "team-swiss"]
[EventDate "2013.12.26"]

1. e4 c5 2. Nf3 d6 3. Bc4 e6 4. Nc3 Ne7 5. d3 g6 6. Bg5 Bg7 7. O-O Nbc6 8. Bb5
Bd7 9. Bxc6 Bxc6 10. d4 cxd4 11. Nxd4 d5 12. Nxc6 bxc6 13. exd5 cxd5 14. Qf3
Qd7 15. Bf6 O-O 16. Bxg7 Kxg7 17. Qd3 Rab8 18. Rab1 Nc6 19. a3 Rb7 20. b4 a5
21. b5 Na7 22. Qd4+ Kg8 23. b6 Nc6 24. Qc5 Rc8 25. Nb5 Ne7 26. Qd6 Rxc2 27.
Qxd7 Rxd7 28. Nc7 Nc6 29. b7 Nb8 30. Ne8 Re7 31. Nd6 Rec7 32. Ne8 R7c3 33. Ra1
a4 34. Nd6 Rb2 35. Rfc1 Rbc2 36. Rcb1 Rb3 37. Rc1 Rbc3 {nicht nachvollziehbar}
0-1